000
00240 a2200097 4500
001
6712
100
_a
Davies, M.B
245
_a
Physical education : games and athletics for training colleges
260
_a
_b
G Allen
_c
090
_c
5565
_d
5565
942
_a
NUST-CAE
_c
M
_c
32006
999
_c
241785
_d
241785